The fall of Rome : and the end of civilization /
| 主要作者: | |
|---|---|
| 格式: | 圖書 |
| 語言: | English |
| 出版: |
Oxford ; New York :
Oxford University Press,
2005.
|
| 主題: | |
| 在線閱讀: | Publisher description Table of contents only Contributor biographical information |
| Classic Catalogue: | View this record in Classic Catalogue |
| LEADER | 01716nam a2200361 a 4500 | ||
|---|---|---|---|
| 001 | 28962 | ||
| 003 | BD-DhAAL | ||
| 005 | 20150311121011.0 | ||
| 008 | 150311s2005 enkab f b 001 0 eng | ||
| 010 | |a 2005299925 | ||
| 020 | |a 9780192807281 | ||
| 020 | |a 0192805649 (hbk.) | ||
| 040 | |a UKM |c UKM |d OCLCQ |d BAKER |d C#P |d DLC |d BD-DhAAL | ||
| 041 | |a eng | ||
| 042 | |a lccopycat | ||
| 043 | |a e------ |a aw----- |a ff----- | ||
| 050 | 0 | 0 | |a DG311 |b .W33 2005 |
| 082 | 0 | 0 | |a 945.6301 |2 22 |
| 100 | 1 | |a Ward-Perkins, Bryan. |9 9397 | |
| 245 | 1 | 4 | |a The fall of Rome : |b and the end of civilization / |c Bryan Ward-Perkins. |
| 260 | |a Oxford ; |a New York : |b Oxford University Press, |c 2005. | ||
| 300 | |a vi, 239 p. : |b ill., maps ; |c 24 cm. | ||
| 504 | |a Includes bibliographical references (p. [216]-223) and index. | ||
| 541 | |e 28962 | ||
| 651 | 0 | |a Rome |x History |y Germanic Invasions, 3rd-6th centuries. |9 9398 | |
| 651 | 0 | |a Rome |x History |y Empire, 284-476. |9 9399 | |
| 856 | 4 | 2 | |3 Publisher description |u http://www.loc.gov/catdir/enhancements/fy0640/2005299925-d.html |
| 856 | 4 | 1 | |3 Table of contents only |u http://www.loc.gov/catdir/enhancements/fy0640/2005299925-t.html |
| 856 | 4 | 2 | |3 Contributor biographical information |u http://www.loc.gov/catdir/enhancements/fy0726/2005299925-b.html |
| 942 | |2 ddc |c BK | ||
| 999 | |c 33973 |d 33973 | ||
| 952 | |0 0 |1 0 |2 ddc |4 0 |6 945_630100000000000_WAR |7 0 |9 53020 |a BRACUL |b BRACUL |c GEN |d 2015-03-11 |e Trim Education |g 1560.00 |l 7 |m 26 |o 945.6301 WAR |p 3010028962 |r 2026-02-18 |s 2026-02-01 |t 1 |w 2015-03-11 |y BK | ||
| 952 | |0 0 |1 0 |2 ddc |4 0 |6 945_630100000000000_WAR |7 0 |9 53021 |a BRACUL |b BRACUL |c GEN |d 2015-03-11 |e Trim Education |g 1560.00 |l 4 |m 56 |o 945.6301 WAR |p 3010028963 |q 2025-10-08 |r 2024-01-30 |s 2024-01-30 |t 2 |w 2015-03-11 |y BK | ||